000 00766nas a2200253 4500
001 BR8905067
003 BR-BrBNA
005 20231205091734.0
007 ta
008 230509b bl.|||p| |||| 00| 00por d
040 _aBR-BrBNA
_bpor
_cBiblioteca Nacional de Agricultura
041 _a(Pt)
072 _aE11
100 1 _aMilano, M.S.
100 1 _aBrassiolo, M.M.
100 1 _aSoares, R.V.
245 1 _aZoneamento ecologico experimental do estado do Parana segundo o sistema de zonas de vida de Holdridge
650 _aPARANÁ
650 _aZONEAMENTO ECOLOGICO
650 _aMEIO AMBIENTE
773 0 _tFloresta (Brazil)
_xISSN 0015-3826
_g(1987), v. 27(1-2) p. 65-72
_wBR8905067
909 _a202311
_bLúcia
_c55
_dLúcia Elande
942 _2AGRIS
_n0
_cANA
999 _c127018
_d127018